书目信息 |
| 题名: |
北方曲艺音乐初探
|
|
| 作者: | 萧作如 著 | |
| 分册: | 上 | |
| 出版信息: | 天津 天津人民出版社 2020.01 |
|
| 页数: | 359页 | |
| 开本: | 24cm | |
| 丛书名: | ||
| 单 册: | ||
| 中图分类: | J617.9 | |
| 科图分类: | ||
| 主题词: | 说唱音乐--音乐评论--华北地区 | |
| 电子资源: | ||
| ISBN: | 978-7-201-15637-8 | |
| 000 | 01070nam0 2200253 450 | |
| 001 | 0120202961860 | |
| 005 | 20201019155442.39 | |
| 010 | @a978-7-201-15637-8@dCNY64.00,CNY128.00(全2册) | |
| 100 | @a20200401d2020 em y0chiy50 ea | |
| 101 | 0 | @achi |
| 102 | @aCN@b120000 | |
| 105 | @ag z 000yy | |
| 106 | @ar | |
| 200 | 1 | @a北方曲艺音乐初探@9bei fang qu yi yin yue chu tan@b专著@h上@f萧作如著 |
| 210 | @a天津@c天津人民出版社@d2020.01 | |
| 215 | @a359页@d24cm | |
| 300 | @a天津市文史研究馆馆员著述系列 29 刘志永主编 | |
| 330 | @a本书是作者对于中国北方曲艺各个曲种及各种民俗音乐的探讨与研究,该书从中国北方曲种的诞生、发展、衍生及不同的艺术特点入手,对于中国北方曲艺曲种有比较详细的介绍,并对各个曲种的音乐结构做了梳理和总结,从音乐的特点来划归中国北方的曲艺特点,这是本书提出的全新观点,在我国尚未有专著对于这一方面有所著述。 | |
| 333 | @a说唱音乐、音乐评论研究人员 | |
| 606 | 0 | @a说唱音乐@x音乐评论@y华北地区 |
| 690 | @aJ617.9@v5 | |
| 701 | 0 | @a萧作如@9xiao zuo ru@f(1932-)@4著 |
| 801 | 0 | @aCN@b人天书店@c20200401 |
| 905 | @b1291370-72@dJ617.9@e1102:1@f3 | |
| 北方曲艺音乐初探.上/萧作如著.-天津:天津人民出版社,2020.01 |
| 359页;24cm |
| 天津市文史研究馆馆员著述系列 29 刘志永主编.-使用对象:说唱音乐、音乐评论研究人员 |
| ISBN 978-7-201-15637-8:CNY64.00,CNY128.00(全2册) |
| 本书是作者对于中国北方曲艺各个曲种及各种民俗音乐的探讨与研究,该书从中国北方曲种的诞生、发展、衍生及不同的艺术特点入手,对于中国北方曲艺曲种有比较详细的介绍,并对各个曲种的音乐结构做了梳理和总结,从音乐的特点来划归中国北方的曲艺特点,这是本书提出的全新观点,在我国尚未有专著对于这一方面有所著述。 |
| ● |
| 相关链接 |
|
|
|
|
正题名:北方曲艺音乐初探
索取号:J617.9/1102:1
 
预约/预借
| 序号 | 登录号 | 条形码 | 馆藏地/架位号 | 状态 | 备注 |
| 1 | 1291370 | 212913702 | 第一样本阅览室/ [索取号:J617.9/1102:1] | 在馆 | |
| 2 | 1291371 | 212913711 | 第一借阅区/ [索取号:J617.9/1102:1] | 在馆 | |
| 3 | 1291372 | 212913720 | 第一借阅区/ [索取号:J617.9/1102:1] | 在馆 |